000 00547nam a2200205Ia 4500
008 200601s9999 xx 000 0 und d
020 _a971-91128-5-9
050 _aREF PE 1125.E5
050 _b.L44 1996
100 _aLee, Betty.
245 0 _aSpeak Chinese Mandarin :
245 0 _beasy /
245 0 _cBetty Lee.
260 _a[s. l. ]
260 _bLuminaire Printing & Publishing Corp.,
260 _c1996
300 _a72 pages :
300 _c19 cm.
650 _aChinese language -- Textbooks for foreign speakers -- English.
999 _c363395
_d363395